banner koha

Criacao de bezerros [Nutricao animal] (Registro n. 311906)

MARC details
000 -LÍDER
campo de controle de tamanho fixo 01276naa a22003377a 4500
001 - NÚMERO DE CONTROLE
campo de controle BR8000238
003 - IDENTIFICADOR DO NÚMERO DE CONTROLE
campo de controle BR-BrBNA
005 - DATA E HORÁRIO DA ÚLTIMA TRANSAÇÃO
campo de controle 20240918174538.0
007 - CAMPO FIXO DE DESCRIÇÃO FÍSICA--INFORMAÇÃO GERAL
campo de controle de tamanho fixo ta
008 - CAMPO DE DADOS FIXOS--INFORMAÇÃO GERAL
campo de controle de tamanho fixo 230509b bl.||||| |||| 00| 0 por d
040 ## - FONTE DA CATALOGAÇÃO
Instituição da catalogação original BR-BrBNA
Idioma da catalogação por
Instituição que transcreveu o registro Biblioteca Nacional de Agricultura
041 ## - CÓDIGO DE IDIOMA
Código do idioma do texto/trilha sonora ou título diferente (Pt)
072 ## - CÓDIGO DE CATEGORIA DE ASSUNTO
Código de Categoria de Assunto L30
Código do objeto 5212
090 ## - NÚMERO DE CHAMADA LOCAL
Número de chamada L30 BR8000238
100 1# - ENTRADA PRINCIPAL--NOME PESSOAL
Nome pessoal Lucci, C. de S.
111 1# - ENTRADA PRINCIPAL--NOME DO EVENTO
Nome do evento ou lugar Simposio sobre Pecuaria Leiteira
Local do evento Aguas da Prata, SP (Brazil)
Data do evento ou assinatura do tratado 8 Nov 1977
245 1# - TÍTULO
Título Criacao de bezerros [Nutricao animal]
246 1# - FORMA VARIANTE DO TÍTULO
Título/título abreviado [Calf breeding [Animal nutrition]]
246 1# - FORMA VARIANTE DO TÍTULO
Título/título abreviado [Annals of the Symposium on Cattle Breeding]
260 3# - PUBLICAÇÃO, DISTRIBUIÇÃO, ETC.
Local de publicação, distribuição, etc. Campinas, SP (Brasil):
Data da publicação, distribuição, etc. 1979.
500 ## - NOTA GERAL
Nota geral Moura, J.C. de (ed.)<br/>Anais do Simposio sobre Pecuaria<br/>Campinas, SP (Brasil): 1979. p. 142-173<br/>(BR8000238-AM)L30<br/>
650 ## - ASSUNTO--TERMO TÓPICO
Cabeçalho tópico ou nome geográfico Nutricao animal
650 ## - ASSUNTO--TERMO TÓPICO
Cabeçalho tópico ou nome geográfico Bovino
650 ## - ASSUNTO--TERMO TÓPICO
Cabeçalho tópico ou nome geográfico Producao animal
650 ## - ASSUNTO--TERMO TÓPICO
Cabeçalho tópico ou nome geográfico Bezerro
650 ## - ASSUNTO--TERMO TÓPICO
Cabeçalho tópico ou nome geográfico Colostro
650 ## - ASSUNTO--TERMO TÓPICO
Cabeçalho tópico ou nome geográfico Ganho de peso
773 0# - ENTRADA ANALÍTICA
Título Anais do Simposio sobre Pecuaria
Entrada principal Moura, J.C. de (ed.). Fundacao Cargill, Campinas, SP (Brasil);Faculdade de Medicina Veterinaria e Zootecnia, Sao Paulo, SP (Brasil)
Número de controle do registro L30 BR8000238
Partes relacionadas Campinas, SP (Brasil), 1979. p. 142-173
909 ## -
-- 202404
-- Lucia
-- 55
-- Lucia Elande
942 ## - ELEMENTOS DE ENTRADA ADICIONADOS (KOHA)
Tipo de material Koha Capítulo-Livro
Fonte da classificação ou esquema de arquivamento na estante Classificação AGRIS
Exemplares
Situação do descarte Fonte da classificação ou esquema de arquivamento na estante Situação física Não pode ser emprestado Coleção Biblioteca de origem Biblioteca atual Localização na estante Total de empréstimos Número de telefone completo Data de último acesso Número do exemplar Tipo de material Koha Situação das perdas Data de aquisição Fonte de aquisição
  Classificação AGRIS       Biblioteca Nacional de Agricultura - Binagri Biblioteca Nacional de Agricultura - Binagri Agrobase - Acervo Geral   5214 BR8000231 20/05/2024 01 Capítulo-Livro   2024-04-11 Portaria Interministerial nº 164/94

BINAGRI

Telefone: (61)3218-2567/2388/3357/2097 - binagri@agro.gov.br

Ministério da Agricultura e Pecuária , Esplanada dos Ministérios, Bloco D, Anexo B, Brasília/DF, CEP: 70.043-900